| 000 | 01615nam0a22002891 4500 | ||
|---|---|---|---|
| 001 | rc\4748089 | ||
| 005 | 20260407041654.0 | ||
| 021 |
_aRU _b[62-50960] |
||
| 035 | _a(NLR Aleph) 009008639 | ||
| 090 |
_a9353174 _c9353174 |
||
| 100 | _a20130417d1962 |||y0rusy50 ca | ||
| 101 | 0 | _arus | |
| 102 | _aRU | ||
| 105 | _ay z ||||| | ||
| 200 | 1 |
_aЭкономические исследования в области добычи и транспортирования угля гидравлическим способом _eКраткий науч. отчет _fРуководитель работы д-р техн. наук П.З. Звягин _gИн-т горного дела им. А.А. Скочинского. Лаборатория комплексных гидро-экон. проблем |
|
| 210 |
_aМосква _cБ. и. _d1962 |
||
| 215 |
_a43 с. _d21 |
||
| 320 | _aБиблиогр.: с. 41-43 (26 назв.) | ||
| 606 |
_aУголь _xГидротранспорт _xТехнико-экономические показатели _2psbo |
||
| 606 |
_aУгледобыча _xГидромеханизация _xТехнико-экономические показатели _2psbo |
||
| 702 | 1 |
_aЗвягин _bП.З. _gПавел Захарович _4570 |
|
| 710 | 0 | 2 |
_aИнститут горного дела им. А.А.Скочинского _cМосква _bЛаборатория комплексных горноэкономических проблем _3RU\NLR\AUTH\8810013816 _9525527 |
| 801 | 0 |
_aRU _bNLR _gpsbo |
|
| 801 | 1 |
_aRU _bELAR _2rusmarc |
|
| 852 |
_aNLR _j62-4/12358 |
||
| 942 | _cBOOK | ||
| 980 | _aNB | ||